000 00646nam a2200181 i 4500
001 78167
003 ES-MaACL
007 t|
008 041011s1945 mx ||||1| spa d
100 1 _aHansen, Alvin Harvey.
_961759
245 1 0 _aPolítica fiscal y ciclo económico /
_cAlvin H. Hansen ; versión española de Rafael Fernández Maza y Cristóbal Lara.
250 _a[1ª ed. en español y puesta al día por el autor].
260 _aMéxico :
_bFondo de Cultura Económica,
_c[1945]
300 _a491 p. ;
_c22 cm.
700 1 _aFernández Maza, Rafael.
_949919
700 1 _aLara, Cristóbal.
_970200
852 _aES-MaACL
_jE-1858
_bR.22618
999 _c78167
_d78167